<?xml version="1.0" encoding="UTF-8"?>
<record
    xmlns:xsi="http://www.w3.org/2001/XMLSchema-instance"
    xsi:schemaLocation="http://www.loc.gov/MARC21/slim http://www.loc.gov/standards/marcxml/schema/MARC21slim.xsd"
    xmlns="http://www.loc.gov/MARC21/slim">

  <leader>01092aab a2200193 i 4500</leader>
  <controlfield tag="001">768714001</controlfield>
  <controlfield tag="003">CO-MdFUSB</controlfield>
  <controlfield tag="005">20221110155733.0</controlfield>
  <controlfield tag="008">221110s2003    sp ||||| |||| 00| 0 spa d</controlfield>
  <datafield tag="040" ind1=" " ind2=" ">
    <subfield code="b">spa</subfield>
    <subfield code="c">CO-MdFUSB</subfield>
    <subfield code="d">CO-MdFUSB</subfield>
  </datafield>
  <datafield tag="041" ind1=" " ind2=" ">
    <subfield code="a">spa</subfield>
  </datafield>
  <datafield tag="100" ind1="1" ind2=" ">
    <subfield code="a">Amaral, Leila</subfield>
    <subfield code="e">autor</subfield>
  </datafield>
  <datafield tag="245" ind1="1" ind2="3">
    <subfield code="a">El despertar de los hechiceros : </subfield>
    <subfield code="b">el carnaval del Rio de Janeiro y la est&#xE9;tica de la nueva era</subfield>
    <subfield code="c">/ Leila Amaral</subfield>
  </datafield>
  <datafield tag="300" ind1=" " ind2=" ">
    <subfield code="a">N&#xFA;mero 302, (2003), P&#xE1;ginas 139 -154</subfield>
    <subfield code="c">; 21 cm</subfield>
  </datafield>
  <datafield tag="520" ind1=" " ind2=" ">
    <subfield code="a">En este art&#xED;culo se presentan los principales significados &#xE9;ticos de tendencia de la Nueva Era que se transmitieron a trav&#xE9;s de una especie de manifestaci&#xF3;n ritual, como es el carnaval, con el objetivo de interpretar los s&#xED;mbolos que present&#xF3; esta escuela de samba. Posteriormente se ofrece una interpretaci&#xF3;n de la letra y el desfile de la escuela Uni&#xE1;o da Ilha mediante los que intent&#xF3; representar el tema "Abracadabra, el despertar de los hechiceros"</subfield>
  </datafield>
  <datafield tag="653" ind1=" " ind2=" ">
    <subfield code="a">Nueva Era</subfield>
  </datafield>
  <datafield tag="773" ind1="0" ind2=" ">
    <subfield code="t">Concilium</subfield>
    <subfield code="0">49450</subfield>
    <subfield code="9">60412</subfield>
    <subfield code="g">N&#xFA;mero 302, (2003), P&#xE1;ginas 139 -154</subfield>
    <subfield code="q">P&#xE1;ginas 139</subfield>
  </datafield>
  <datafield tag="942" ind1=" " ind2=" ">
    <subfield code="c">ANA</subfield>
  </datafield>
  <datafield tag="999" ind1=" " ind2=" ">
    <subfield code="c">49967</subfield>
    <subfield code="d">49967</subfield>
  </datafield>
</record>
